International Ferry Traders Ltd v Adur DC (Record no. 117267)

MARC details
000 -LEADER
fixed length control field 02324cam a2200301 4500
001 - CONTROL NUMBER
control field ABS67755
008 - FIXED-LENGTH DATA ELEMENTS--GENERAL INFORMATION
fixed length control field 040428n2004 000 0 eng u
035 ## - SYSTEM CONTROL NUMBER
System control number (Sirsi) u126051
245 ## - TITLE STATEMENT
Title International Ferry Traders Ltd v Adur DC
260 ## - PUBLICATION, DISTRIBUTION, ETC.
Date of publication, distribution, etc. 2004
490 ## - SERIES STATEMENT
Series statement Rating and Valuation Reporter
Volume/sequential designation [2004] RVR 65-76(12)
520 ## - SUMMARY, ETC.
Summary, etc. [2004] EWCA Civ 288, 26 February 2004. Appeal against LT decision (LCA/131/2000, 13 June 2003) which held that claimant I was not entitled to compensation as an occupier of land under the Town and Country Planning Act 1990 s186(2) because its use of the land under licenses from the owner lacked the necessary qualities of permanence and exclusivity. I sought compensation in respect of a stop notice requiring it to cease using a site for the export of livestock. I challenged the dismissal of its claim on the grounds that: i) it was not necessary to have an interest in the conveyancing sense but argued that a right to use site was sufficient; ii) it fulfilled the occupation criteria; and iii) its rights under the licenses granted to it by the Port Authority amounted to a possession under the Convention for the Protection of Human Rights and Fundamental Freedoms First Protocol Art 1 as there had been an interference or deprivation of that possession by the stop notice. I's claim dismissed on appeal. CA upheld LT decision. View CA judgment at www.bailii.org. View LT decision at www.landstribunal.gov.uk.
590 ## - LOCAL NOTE (RLIN)
Local note ABS
590 ## - LOCAL NOTE (RLIN)
Local note ABS
650 ## - SUBJECT ADDED ENTRY--TOPICAL TERM
Topical term or geographic name entry element INTERNATIONAL FERRY TRADERS LTD V ADUR DC
650 ## - SUBJECT ADDED ENTRY--TOPICAL TERM
Topical term or geographic name entry element ENFORCEMENT NOTICES
650 ## - SUBJECT ADDED ENTRY--TOPICAL TERM
Topical term or geographic name entry element STOP NOTICES
650 ## - SUBJECT ADDED ENTRY--TOPICAL TERM
Topical term or geographic name entry element COMPENSATION
650 ## - SUBJECT ADDED ENTRY--TOPICAL TERM
Topical term or geographic name entry element OCCUPATION
650 ## - SUBJECT ADDED ENTRY--TOPICAL TERM
Topical term or geographic name entry element TOWN AND COUNTRY PLANNING ACT 1990 S186(2)
650 ## - SUBJECT ADDED ENTRY--TOPICAL TERM
Topical term or geographic name entry element CONVENTION FOR THE PROTECTION OF HUMAN RIGHTS AND FUNDAMENTAL FREEDOMS FIRST PROTOCOL ART 1
690 ## - LOCAL SUBJECT ADDED ENTRY--TOPICAL TERM (OCLC, RLIN)
Topical term or geographic name as entry element PLANNING-CASE LAW
856 ## - ELECTRONIC LOCATION AND ACCESS
Uniform Resource Identifier <a href="https://www.landstribunal.gov.uk/View.do?id=18">https://www.landstribunal.gov.uk/View.do?id=18</a>
Public note View decision on the Lands Tribunal website...
856 ## - ELECTRONIC LOCATION AND ACCESS
Uniform Resource Identifier <a href="https://www.bailii.org/ew/cases/EWCA/Civ/2004/288.html">https://www.bailii.org/ew/cases/EWCA/Civ/2004/288.html</a>
Hours access method available View judgment on the BAILII website...
856 ## - ELECTRONIC LOCATION AND ACCESS
Uniform Resource Identifier <a href="https://www.landstribunal.gov.uk/View.do?id=18">https://www.landstribunal.gov.uk/View.do?id=18</a>
Public note View decision on the Lands Tribunal website...
856 ## - ELECTRONIC LOCATION AND ACCESS
Uniform Resource Identifier <a href="https://www.bailii.org/ew/cases/EWCA/Civ/2004/288.html">https://www.bailii.org/ew/cases/EWCA/Civ/2004/288.html</a>
Hours access method available View judgment on the BAILII website...
942 ## - ADDED ENTRY ELEMENTS (KOHA)
Suppress in OPAC 0
Holdings
Withdrawn status Lost status Source of classification or shelving scheme Damaged status Not for loan Home library Current library Shelving location Date acquired Total Checkouts Full call number Barcode Date last seen Copy number Price effective from Koha item type
    Dewey Decimal Classification     London London Journal article 28/04/2004   ABS67755 126051-1001 06/08/2019 1 06/08/2019 Law report